Library Banner

Book-keeping and accounts: (Record no. 23195)

MARC details
000 -LEADER
fixed length control field 00511nam a2200181Ia 4500
001 - CONTROL NUMBER
control field 22973
003 - CONTROL NUMBER IDENTIFIER
control field OSt
005 - DATE AND TIME OF LATEST TRANSACTION
control field 20200917115648.0
008 - FIXED-LENGTH DATA ELEMENTS--GENERAL INFORMATION
fixed length control field 140409s9999 xx 000 0 und d
040 ## - CATALOGING SOURCE
Transcribing agency PK-LaUMT
082 ## - DEWEY DECIMAL CLASSIFICATION NUMBER
Classification number 657.2
Item number AMJ-B
100 ## - MAIN ENTRY--PERSONAL NAME
Personal name Amjad Saeed, Khawaja
245 ## - TITLE STATEMENT
Title Book-keeping and accounts:
Remainder of title six years questions and solutions
Statement of responsibility, etc Amjad Saeed, Khawaja
260 ## - PUBLICATION, DISTRIBUTION, ETC. (IMPRINT)
Place of publication, distribution, etc Lahore,Pakistan:
Name of publisher, distributor, etc Institute of Business Management,
Date of publication, distribution, etc 1996
300 ## - PHYSICAL DESCRIPTION
Extent 206 p.
546 ## - LANGUAGE NOTE
Language note EN
942 ## - ADDED ENTRY ELEMENTS (KOHA)
Koha item type Permanently weeded out collection
Source of classification or shelving scheme Dewey Decimal Classification
Holdings
Withdrawn status Lost status Damaged status Not for loan Home library Current library Date acquired Total Checkouts Full call number Barcode Date last seen Price effective from Koha item type
        UMT Main Campus UMT Main Campus 2014-04-09   657.2 AMJ-B 25668 2014-04-23 2014-04-23 Books